Đại học Thủ Dầu Một: Triển khai xây dựng chương trình đào tạo mới theo mô hình CDIO

Đã lưu trong:
Sonraí Bibleagrafaíochta
Príomhúdar: Tiểu My
Formáid: Leabhar
Teanga:Undetermined
Foilsithe: http://baobinhduong.vn
Ábhair:
Rochtain Ar Líne:http://lrc.tdmu.edu.vn/opac/search/detail.asp?aID=2&ID=21105
Clibeanna: Cuir Clib Leis
Gan Chlibeanna, Bí ar an gcéad duine leis an taifead seo a chlibeáil!
Thư viện lưu trữ: Trung tâm Học liệu Trường Đại học Thủ Dầu Một
LEADER 00711nam a2200145Ia 4500
001 TDMU_21105
008 210410s9999 xx 000 0 und d
082 |a 378 
100 |a Tiểu My 
245 0 |a Đại học Thủ Dầu Một: Triển khai xây dựng chương trình đào tạo mới theo mô hình CDIO 
245 0 |c Tiểu My 
260 |a http://baobinhduong.vn 
650 |a CDIO; Đào tạo; Đại học Thủ Dầu Một; Giảng viên; Đại học Thủ Dầu Một  |x Đào tạo  |x Mô hình CDIO; Giáo dục đại học 
856 |u http://lrc.tdmu.edu.vn/opac/search/detail.asp?aID=2&ID=21105 
980 |a Trung tâm Học liệu Trường Đại học Thủ Dầu Một